1295 1608 1436 1854 1522 1542 1488 1857 1538 1925 1516 1010 1397 1893 1660 1120 1571 1233 1729 1393 1834 1963 1631 1356 1074 1504 1307 1640 1439 1041 1837 1053 1891 1415 1375 1870 1744 1530 1651 1544 1167 1315 1562 1178 1487 1099 1382 1732 1441 1892 1955 1024 1593 1072 1440 1969 1663 1081 1238 1225 1480 1048 1479 1134 1926 1736 1788 1578 1314 1625 1266 1362 1878 1153 1704 1841 1704 1045 1669 1102 1206 1475 1598 1376 1704 1667 1594 1899 1472 1587 1431 1359 1316 1319 1585 1580 1260 1786 1109 BCNSPRNW ULIB Ver.6.0+V

เปลี่ยนเป็นภาษาไทย

Change to English
 แสดงรายละเอียดบรรณานุกรม
  กลับหน้าหลัก

Brief Record : Get Marc (ISO 2709) : E-mail record : QR code < ปิดหน้าต่าง
LEADER : 00000nam 2200000uu 4500
001    13399128929
003     ULIB
008    241030s2023||||th 000 0 tha d
020    ^a9781975173814
060 04 ^aWY157.3^bS582M
100 1  ^aSilbert-Flagg, JoAnne
245 10 ^aMaternal & child health nursing :^bcare of thechildbearing & childrearing family /^cJoAnne Silbert-Flagg; consulting editor, Colleen E. Kennedy
246 1  ^aMaternal and child health nursing
250    ^a9th ed
260    ^aPhiladelphia :^bWolters Kluwer Health,^c2023
300    ^axxxi, 1672 p. :^bcolor ill. ;^c29 cm
504    ^aIncludes bibliographical references and index
520    ^a"A respected authority revised for today s changing healthcare environment, Maternal & Child Health Nursing, 9thEdition presents maternal-newborn and child health carenot as two separate disciplines, but as a continuum ofknowledge. Using a nursing process framework, this proventext applies a clear, easy-to-understand approach and widerange of built-in learning aids to help you masteressential concepts and skills for success in this ever-changing and increasingly important field"-- Provided bypublisher
650  0 ^aFamilies^xHealth and hygiene
650  2 ^aMaternal-Child Nursing
650  2 ^aFamily Health
650  2 ^aHolistic Nursing
700 1  ^aKennedy, Colleen E.,^eed
945    ^p3765^l0^i011179
999    ^aประนอม เกษจรัล
รายการนี้ยังไม่มีแท็ก
คุณยังไม่ได้ล็อกอิน คุณสามารถมีกิจกรรมร่วมกับเว็บไซต์ได้ แต่ต้องล็อกอินก่อน ::
  ล็อกอิน

รายการสื่อสารสนเทศ

ลำดับที่ ประเภท เลขเรียก/บาร์โค้ด สถานที่ สถานะ
1. Book การพยาบาล
หนังสือสำรอง
สถานะ=หนังสือสำรอง
WY157.3 S582M ฉ.1 
  Barcode: 011179
ห้องสมุดวิทยาเขตสวรรค์ประชารักษ์
►หนังสือทั่วไป
บนชั้น

รายการใกล้เคียง
    หัวเรื่อง [Maternal-Child Nursing]
    หัวเรื่อง [Family Health]
    หัวเรื่อง [Holistic Nursing]

BibComment


ยังไม่เคยถูกคอมเมนท์

คอมเมนท์ทรัพยากรรายการนี้
  คอมเมนท์: Maternal child ..


 Copyright 2026. Bcnsprnw @Library